| 000 | 01094cam a2200241 4500 | ||
|---|---|---|---|
| 001 | ##L135086 | ||
| 008 | 060925n2006 000 0 eng u | ||
| 020 | _a0110710126 | ||
| 035 | _a(Sirsi) u135086 | ||
| 041 | 0 | _aeng | |
| 110 | 1 |
_aScotland _kLaws, etc |
|
| 245 | 0 | 4 | _aThe Environmental Noise (Scotland) Regulations 2006 |
| 260 |
_aLondon _bTSO _c2006 |
||
| 490 | 0 |
_aSSI _v2006: 465 |
|
| 520 | _aThese Regulations relate to environmental noise to which people may be exposed, particularly in built up areas, parks and quiet areas in an agglomeration. The Regulations come into effect on 5 October 2006 and implement Directive 2002/49/EC which relates to the assessment and management of environmental noise | ||
| 590 | _aIKA031006 | ||
| 650 | 2 | 4 | _aDIRECTIVE 2002/49/EC |
| 650 | 2 | 4 | _aENVIRONMENTAL NOISE (SCOTLAND) REGULATIONS 2006 |
| 651 | 4 |
_aScotland _y1999- |
|
| 690 | _aENVIRONMENTAL AND LAND CONSULTANCY-ENVIRONMENTAL MANAGEMENT | ||
| 856 | 4 | 0 |
_uhttps://www.opsi.gov.uk/legislation/scotland/ssi2006/20060465.htm _zView the item free of charge at www.opsi.gov.uk... |
| 942 | _n0 | ||
| 999 |
_c105913 _d105913 |
||